[Event "Titled Tuesday intern op 16th Apr Late"]
[Site "Chess.com INT"]
[Date "2024.04.16"]
[Round "3"]
[White "Urbina Perez, Juan Antonio"]
[Black "Moskvin, Anatoly"]
[Result "1-0"]
[WhiteElo "2248"]
[BlackElo "2192"]
[PlyCount "63"]
[EventDate "2024.04.16"]
[EventType "swiss (blitz)"]
[EventRounds "11"]
[EventCountry "USA"]
[SourceTitle "CB17_2024"]
[SourceDate "2024.04.24"]
[SourceVersion "1"]
[SourceVersionDate "2024.04.24"]
[SourceQuality "1"]

1. d4 Nf6 2. Nf3 c5 3. g3 cxd4 4. Nxd4 e5 5. Nb3 d5 6. Bg2 h6 7. 0-0 Nc6 8. Nc3 Be6 9. Na4 Rc8 10. Nac5 Bxc5 11. Nxc5 0-0 12. Nxe6 fxe6 13. c4 Nd4 14. e3 Nf5 15. cxd5 exd5 16. b3 Rc7 17. Bb2 d4 18. exd4 Nxd4 19. Re1 Nc2 20. Bxe5 Nxe1 21. Bxc7 Qxc7 22. Qxe1 Ng4 23. Qe6+ Qf7 24. Qxg4 Qxf2+ 25. Kh1 Re8 26. Qc4+ Kh8 27. Rf1 Qxa2 28. Bxb7 a5 29. Bc6 Rd8 30. Be4 Qd2 31. Qf7 Qe2 32. Qf8+ 1-0

[Event "Titled Tuesday intern op 06th Feb Late"]
[Site "Chess.com INT"]
[Date "2024.02.06"]
[Round "5"]
[White "Urbina Perez, Juan Antonio"]
[Black "Sarana, Alexey"]
[Result "0-1"]
[WhiteElo "2266"]
[BlackElo "2697"]
[PlyCount "94"]
[EventDate "2024.02.06"]
[EventType "swiss (blitz)"]
[EventRounds "11"]
[EventCountry "USA"]
[SourceTitle "CB07_2024"]
[SourceDate "2024.02.14"]
[SourceVersion "1"]
[SourceVersionDate "2024.02.14"]
[SourceQuality "1"]

1. d4 d5 2. Nf3 Nf6 3. c4 e6 4. g3 dxc4 5. Bg2 a6 6. Ne5 Bb4+ 7. Nc3 Nd5 8. Bd2 b5 9. 0-0 Bxc3 10. bxc3 Bb7 11. e4 Ne7 12. f4 Nd7 13. Qe2 0-0 14. Be3 f6 15. Nxd7 Qxd7 16. Rad1 f5 17. d5 fxe4 18. Bxe4 exd5 19. Bc5 Rae8 20. Qg2 Qe6 21. Bxe7 Rxe7 22. Bxd5 Bxd5 23. Qxd5 Qxd5 24. Rxd5 g6 25. Kg2 Rf6 26. Rf3 Rf5 27. Rd2 c5 28. g4 Rf6 29. Kg3 a5 30. Rd5 Rc6 31. f5 b4 32. fxg6 hxg6 33. Rd8+ Kg7 34. Ra8 b3 35. axb3 cxb3 36. Rxa5 Rb7 37. Rf1 c4 38. Rb1 Rd6 39. h4 Rd3+ 40. Kf4 Rxc3 41. Ra6 Rd3 42. Re1 c3 43. Ree6 c2 44. Rxg6+ Kf7 45. Rgf6+ Ke7 46. Rfc6 b2 47. Rxc2 b1Q 0-1

[Event "Titled Tuesday intern op 26th Sep Late"]
[Site "Chess.com INT"]
[Date "2023.09.26"]
[Round "1"]
[White "Kovalev, Vladislav"]
[Black "Urbina Perez, Juan Antonio"]
[Result "1-0"]
[WhiteElo "2582"]
[BlackElo "2266"]
[PlyCount "53"]
[EventDate "2023.09.26"]
[EventType "swiss (blitz)"]
[EventRounds "11"]
[EventCountry "USA"]
[SourceTitle "EXT 2024"]
[Source "ChessBase"]
[SourceDate "2023.10.10"]
[SourceVersion "1"]
[SourceVersionDate "2023.10.10"]
[SourceQuality "1"]

1. e4 c6 2. Nf3 d5 3. d3 dxe4 4. dxe4 Qxd1+ 5. Kxd1 g6 6. c3 Bg4 7. Be2 Bxf3 8. Bxf3 Bh6 9. Nd2 Nd7 10. Kc2 0-0-0 11. Be2 Ngf6 12. f3 Kc7 13. Rd1 Rhe8 14. b3 e5 15. Ba3 Bf8 16. Bb2 Nc5 17. Nc4 Rxd1 18. Rxd1 b5 19. Ne3 Rd8 20. Rxd8 Kxd8 21. c4 bxc4 22. Bxc4 Bh6 23. Bxe5 Nfxe4 24. Ng4 f6 25. Bd4 Bf4 26. fxe4 Nxe4 27. Nxf6 1-0

[Event "Titled Tuesday intern op 26th Sep Early"]
[Site "Chess.com INT"]
[Date "2023.09.26"]
[Round "6"]
[White "Urbina Perez, Juan Antonio"]
[Black "Ezat, Mohamed Mahmoud"]
[Result "1-0"]
[WhiteElo "2266"]
[BlackElo "2382"]
[PlyCount "71"]
[EventDate "2023.09.26"]
[EventType "swiss (blitz)"]
[EventRounds "11"]
[EventCountry "USA"]
[SourceTitle "EXT 2024"]
[Source "ChessBase"]
[SourceDate "2023.10.10"]
[SourceVersion "1"]
[SourceVersionDate "2023.10.10"]
[SourceQuality "1"]

1. Nf3 Nf6 2. g3 g6 3. Bg2 Bg7 4. 0-0 0-0 5. c4 d6 6. Nc3 e5 7. d3 Nc6 8. Rb1 Bg4 9. b4 Qd7 10. a4 Bh3 11. b5 Ne7 12. Ba3 Bxg2 13. Kxg2 Nf5 14. Nd5 Nxd5 15. cxd5 h5 16. h4 Rae8 17. e4 Nd4 18. Nxd4 exd4 19. Qc2 f5 20. f3 f4 21. Bc1 fxg3 22. Bg5 Be5 23. f4 Bg7 24. Qe2 Rf7 25. Qf3 Ref8 26. Qxg3 Kh7 27. Rf2 c6 28. dxc6 bxc6 29. Qh3 c5 30. Qxd7 Rxd7 31. Rc1 Rc8 32. Re2 d5 33. e5 c4 34. e6 Rd6 35. e7 Re8 36. dxc4 1-0

[Event "Titled Tuesday intern op 19th Sep Late"]
[Site "Chess.com INT"]
[Date "2023.09.19"]
[Round "4"]
[White "Urbina Perez, Juan Antonio"]
[Black "Ambartsumova, Karina"]
[Result "0-1"]
[WhiteElo "2266"]
[BlackElo "2418"]
[PlyCount "106"]
[EventDate "2023.09.19"]
[EventType "swiss (blitz)"]
[EventRounds "11"]
[EventCountry "USA"]
[SourceTitle "EXT 2024"]
[Source "ChessBase"]
[SourceDate "2023.10.10"]
[SourceVersion "1"]
[SourceVersionDate "2023.10.10"]
[SourceQuality "1"]

1. e4 c5 2. Nf3 Nc6 3. Bb5 e6 4. Bxc6 bxc6 5. d3 Ne7 6. 0-0 Ng6 7. Ng5 f6 8. Nh3 Be7 9. f4 0-0 10. Nc3 f5 11. e5 d5 12. exd6 Qxd6 13. Be3 Bf6 14. Qd2 c4 15. dxc4 Qb4 16. Ne4 Qxc4 17. Nxf6+ Rxf6 18. b3 Qd5 19. c4 Qxd2 20. Bxd2 Bb7 21. Bc3 Rff8 22. Rad1 Rfd8 23. g3 h6 24. Kf2 c5 25. Ng1 Kf7 26. Ne2 Ne7 27. Nc1 Be4 28. Ke2 Nc6 29. Nd3 Bxd3+ 30. Rxd3 Rxd3 31. Kxd3 Rd8+ 32. Ke2 g5 33. Rd1 Rxd1 34. Kxd1 gxf4 35. gxf4 Kg6 36. Ke2 Kh5 37. Kf3 Kh4 38. a3 a5 39. Ke3 Kh3 40. Bg7 h5 41. Bf8 Nd4 42. b4 axb4 43. axb4 Nc2+ 44. Kd2 Nxb4 45. Bxc5 Nc6 46. Bf2 Kxh2 47. Bh4 Kh3 48. Bf2 Kg4 49. Ke3 h4 50. c5 h3 51. Bg1 Kg3 52. Kd3 Kg2 53. Bh2 Kxh2 0-1

[Event "Titled Tuesday intern op 12th Sep Late"]
[Site "Chess.com INT"]
[Date "2023.09.12"]
[Round "1"]
[White "Andreikin, Dmitry"]
[Black "Urbina Perez, Juan Antonio"]
[Result "1-0"]
[WhiteElo "2729"]
[BlackElo "2266"]
[PlyCount "107"]
[EventDate "2023.09.12"]
[EventType "swiss (blitz)"]
[EventRounds "11"]
[EventCountry "USA"]
[SourceTitle "EXT 2024"]
[Source "ChessBase"]
[SourceDate "2023.10.10"]
[SourceVersion "1"]
[SourceVersionDate "2023.10.10"]
[SourceQuality "1"]

1. Nf3 d5 2. e3 Nf6 3. c4 c6 4. Nc3 a6 5. d4 e6 6. Qc2 c5 7. cxd5 cxd4 8. Nxd4 Nxd5 9. Nxd5 exd5 10. Bd3 Bb4+ 11. Bd2 Bxd2+ 12. Qxd2 Nc6 13. Nxc6 bxc6 14. 0-0 h6 15. Qc3 Qf6 16. Qxf6 gxf6 17. Rac1 Bd7 18. e4 Rb8 19. exd5 cxd5 20. b3 Ke7 21. Rc7 Kd6 22. Ra7 Ra8 23. Rb7 Rhb8 24. Rxb8 Rxb8 25. Rc1 a5 26. Kf1 Rc8 27. Rxc8 Bxc8 28. Ke2 Kc5 29. Kd2 Kb4 30. Bb1 Ka3 31. Kc3 Be6 32. f4 f5 33. h4 d4+ 34. Kxd4 Kb2 35. Bd3 Kxa2 36. Bc4 Kb2 37. h5 Ka3 38. Kc5 Bxc4 39. Kxc4 Kb2 40. b4 a4 41. b5 a3 42. b6 a2 43. b7 a1Q 44. b8Q+ Kc2 45. Qb3+ Kd2 46. Qd3+ Ke1 47. Qxf5 Qa2+ 48. Kb5 Qxg2 49. Qxf7 Qb2+ 50. Kc6 Qc3+ 51. Kd7 Qd4+ 52. Ke8 Qa4+ 53. Kf8 Qa5 54. Kg7 1-0